000 00321nam a2200145Ia 4500
008 100122s9999 xx 000 0 und d
082 _b9955
_a823
100 _aPAYNE ROBERT
245 _aTHE DELUGE
260 _bLION LIBRARY
_c1950
300 _a60
630 _aTHE DELUGE
730 _aTHE DELUGE
942 _cBOOK
999 _c444062
_d444059